00373nam a22001217a 450000500170000000800410001702000210005804100080007910000540008724500440014126000560018530000100024120260220143024.0250827b |||||||| |||| 00| 0 eng d a978-9380-864-655 aeng aPROF. GAURI MAHULIKAR & BRAHMACHARI VED CHAITANYA aUPANISAD-MALA:A PRIMER OF 108 UPANISADS aKERELAbCHINMAYA INTERNATIONAL FOUNDATION. [KERALA] a119;P